जनवाणी सीता; (Record no. 68241)
[ view plain ]
| 000 -LEADER | |
|---|---|
| fixed length control field | 02678nam a22002897a 4500 |
| 005 - DATE AND TIME OF LATEST TRANSACTION | |
| control field | 20120628151721.0 |
| 010 ## - LCCN (DPL NO) | |
| LC control number | B-487186-192 |
| 020 ## - INTERNATIONAL STANDARD BOOK NUMBER | |
| Terms of availability | 500.00 |
| 035 ## - SYSTEM CONTROL NUMBER | |
| System control number | B-487186-192 |
| 037 ## - SOURCE OF ACQUISITION | |
| Source of stock number/acquisition | ब्लूबेरी बुक्स |
| 082 ## - DEWEY DECIMAL CLASSIFICATION NUMBER | |
| Classification number | 821 |
| 100 ## - MAIN ENTRY--PERSONAL NAME | |
| Personal name | राना, रामनारायण सिंह |
| 245 ## - TITLE STATEMENT | |
| Title | जनवाणी सीता; |
| Remainder of title | नारी-दलित चेतना का अन्वेषणात्मक काव्य/ |
| Statement of responsibility, etc | रामनारायण सिंह राना |
| 260 ## - PUBLICATION, DISTRIBUTION, ETC. (IMPRINT) | |
| Place of publication, distribution, etc | नई दिल्ली |
| Name of publisher, distributor, etc | सम्यक प्रकाशन |
| Date of publication, distribution, etc | 2011 |
| 270 ## - ADDRESS | |
| Address | 32/3, पश्चिम पुरी |
| City | नई दिल्ली |
| Postal code | 110063-8 |
| Telephone number | 9810249452 |
| 300 ## - PHYSICAL DESCRIPTION | |
| Extent | 344 पृ. |
| Dimensions | 22 सें.मी.(सजिल्द) |
| 942 ## - ADDED ENTRY ELEMENTS (KOHA) | |
| Source of classification or shelving scheme | Dewey Decimal Classification |
| Item type | Hindi Books |
| Classification part | 821 |
| Call number suffix | रानारा |
| Withdrawn status | Lost status | Not for loan | Home library | Current library | Date acquired | Cost, normal purchase price | Full call number | Cost, replacement price | Koha item type | Collection code | Source of acquisition | Barcode | Copy number |
|---|---|---|---|---|---|---|---|---|---|---|---|---|---|
| Andrews Gunj | Andrews Gunj | 28/06/2012 | 500.00 | 821 रानारा | 500.00 | Hindi Books | |||||||
| Central Library | Central Library | 01/01/2013 | 500.00 | 821 रानारा | 500.00 | Hindi Books | Non-fiction | ब्लूबेरी बुक्स/9383/27.08.12/03.27.07.12/19.09.12 | B-487186 | 1 | |||
| Janak Puri | Janak Puri | 01/01/2013 | 500.00 | 821 रानारा | 500.00 | Hindi Books | Non-fiction | ब्लूबेरी बुक्स/9383/27.08.12/03.27.07.12/19.09.12 | B-487188 | 1 | |||
| Karol Bagh | Karol Bagh | 01/01/2013 | 500.00 | 821 रानारा | 500.00 | Hindi Books | Non-fiction | ब्लूबेरी बुक्स/9383/27.08.12/03.27.07.12/19.09.12 | B-487190 | 1 | |||
| Patel Nagar | Patel Nagar | 01/01/2013 | 500.00 | 821 रानारा | 500.00 | Hindi Books | Non-fiction | ब्लूबेरी बुक्स/9383/27.08.12/03.27.07.12/19.09.12 | B-487187 | 1 | |||
| Sarojini Nagar | Sarojini Nagar | 01/01/2013 | 500.00 | 821 रानारा | 500.00 | Hindi Books | Non-fiction | ब्लूबेरी बुक्स/9383/27.08.12/03.27.07.12/19.09.12 | B-487189 | 1 | |||
| Shahdara Branch | Shahdara Branch | 01/01/2013 | 500.00 | 821 रानारा | 500.00 | Hindi Books | Non-fiction | ब्लूबेरी बुक्स/9383/27.08.12/03.27.07.12/19.09.12 | B-487191 | 1 | |||
| Yojana Vihar | Yojana Vihar | 01/01/2013 | 500.00 | 821 रानारा | 500.00 | Hindi Books | Non-fiction | ब्लूबेरी बुक्स/9383/27.08.12/03.27.07.12/19.09.12 | B-487192 | 1 |
